Joueurs sélectionnés en Équipe de France pour la Coupe du Monde 2026 - Statistiques

Statistiques générales
  • Ce quiz a été pris 57 fois
  • Le résultat moyen est 25 sur 27
Statistiques - réponses
Poste Club Joueur % Correct
ATT Paris Saint-Germain Ousmane Dembélé
100%
ATT Real Madrid Kylian Mbappé
98%
MIL AC Milan Adrien Rabiot
96%
ATT Bayern Munich Michael Olise
96%
G AC Milan Mike Maignan
96%
ATT Paris Saint-Germain Désiré Doué
94%
SEL - Didier Deschamps
94%
DEF FC Barcelone Jules Koundé
94%
DEF Arsenal William Saliba
94%
DEF Bayern Munich Dayot Upamecano
92%
DEF Liverpool Ibrahima Konaté
92%
DEF Paris Saint-Germain Lucas Hernandez
92%
ATT Manchester City Rayan Cherki
92%
DEF Al-Hilal Théo Hernandez
92%
MIL Real Madrid Aurélien Tchouaméni
90%
ATT Paris Saint-Germain Bradley Barcola
90%
ATT Inter Milan Marcus Thuram
90%
MIL Paris Saint-Germain Warren Zaïre-Emery
90%
G Stade Rennais Brice Samba
88%
ATT Crystal Palace Jean-Phillipe Mateta
88%
DEF Aston Villa Lucas Digne
87%
DEF Chelsea Malo Gusto
87%
MIL Fenerbahçe N'Golo Kanté
87%
G RC Lens Robin Risser
87%
ATT AS Monaco Maghnes Akliouche
83%
DEF Crystal Palace Maxence Lacroix
83%
MIL AS Rome Manu Koné
79%
Aucun quiz correspondant
Distribution des résultats
% des personnes avec chaque résultat
Percentile par nombre de réponses
Votre historique - résultats
Vous n’avez pas pris ce quiz